| 000 | 01568nam a2200373 i 4500 | ||
|---|---|---|---|
| 001 | 70116 | ||
| 003 | Mx-PuUPA | ||
| 005 | 20240410104323.0 | ||
| 008 | 230614s2021 ilud|||fr|||| 00| 0 spa d | ||
| 017 | _aM-9597-2020 | ||
| 020 | _a9788417949563 | ||
| 040 |
_aMx-PuUPA _bspa _cMx-PuUPA _dMx-PuUPA _erda |
||
| 041 | 1 |
_aspa _heng |
|
| 100 | 1 |
_aLerchenfeldt, Sarah, _914311 _eautor |
|
| 240 | 1 | 0 |
_aBRS pharmacology. _lEspañol |
| 245 | 1 | 0 |
_aFarmacología / _cSarah Lerchenfeldt ; traducción, Luz María Méndez Álvarez |
| 250 | _a7a. edición | ||
| 264 | 1 |
_aBarcelona, España : _bWolters Kluwer, _c©2021 |
|
| 300 |
_ax, 352 páginas : _bdiagramas, tablas ; _c26 cm |
||
| 336 |
_2rdacontent _atexto _btxt |
||
| 337 |
_2rdamedia _asin medio _bn |
||
| 338 |
_2rdacarrier _avolumen _bnc |
||
| 490 | 0 | _aRT Revisión de temas | |
| 500 | _a"¡Tu mejor aliado de estudio!". -- Cubierta | ||
| 500 | _a"Formato conciso que destaca los temas de examen más frecuentes. Más de 300 preguntas que ayudan a retener y dominar conceptos. Recursos que brindan mayor flexibilidad".-- Cubierta | ||
| 500 | _a"Autores de las ediciones 1a a 6a. Gary C. Rosenfeld, DAvid S. Loose". -- Portada | ||
| 650 | 7 |
_2armarc _aFarmacología |
|
| 765 | 0 |
_aLerchenfeldt, Sarah, _b7th edition _tBRS pharmacology. |
|
| 942 |
_2ddc _cLI _h615.1 _iL614 |
||
| 999 |
_c70116 _d70116 |
||